| 000 | 00639nam a22002177a 4500 | ||
|---|---|---|---|
| 005 | 20251108175516.0 | ||
| 008 | 250721s2011 xx 000 0 ara d | ||
| 082 | 1 | 4 | _aط/211.84/موس |
| 100 | 1 | _aموسى، فتحي | |
| 245 | 1 | 0 | _aبراءة الذئب / |
| 264 | 1 |
_aالقاهرة : _bشركة سنابل، _c2011. |
|
| 300 | _a12 ص.مص. | ||
| 490 | 0 | _aالحيوان في القرآن | |
| 650 | 1 | 7 | _aقصص القرآن |
| 650 | 1 | 7 | _aالحيوانات |
| 650 | 1 | 7 | _aالأطفال |
| 650 | 1 | 7 | _aالتعلم |
| 653 | _aأطفال مرحلة متوسطة ( 6 - 9 سنوات ) | ||
| 942 |
_2ddc _cBK |
||
| 999 |
_c135785 _d135785 |
||